00587nam a2200145 a 4500003000200000005001700002008004100019050002700060100002500087245012600112260009000238300004000328650003600368650003700404020250514091124.0970101s19uu xx 00 eng d aPHS BV 4400b.P78 2004 aPruna, Bryan Miguel. aA Study of the life of the seminarians of the Rogationist Seminary Merville Park, Parañque, City /cBryan Miguel Pruna. aLas Piñas City, Philippines :bSouthville International School and Colleges,c2004. a39 pages :billustrations ;c28 cm. aClergyxTraining and education. aReligious lifexCatholic Church.